LEADER 01275nam0-2200373---450- 001 990009307400403321 005 20140924114224.0 035 $a000930740 035 $aFED01000930740 035 $a(Aleph)000930740FED01 035 $a000930740 100 $a20110117d1982----km-y0itay50------ba 101 0 $aita 102 $aIT 105 $aae--a---001yy 200 1 $aNapoli, alcuni monumenti del centro antico$fprofilo storico-urbanistico del centro antico [di] Giuseppe Fiengo$gtesti di Silvana Di Stefano 210 $aNapoli$cArte tipografica$d1982 215 $a10 fascicoli, 1 pianta ripieg., raccolti in un contenitore$cill.$d17 cm 300 $aSul frontespizio: Azienda autonoma di soggiorno cura e turismo 300 $aI fascicoli sono numerati e suddivisi in itinerari 610 0 $aNapoli$aCentro antico$aMonumenti 676 $a709.45731$v22$zita 702 1$aFiengo,$bGiuseppe$f<1937- > 702 1$aDi Stefano,$bSilvana 801 0$aIT$bUNINA$gRICA$2UNIMARC 901 $aBK 912 $a990009307400403321 952 $aSEZ.NA A 173$b21309$fFARBC 952 $a30.1115$b9158$fDARST 952 $a50.077$bs.i.$fDARST 959 $aDARST 959 $aFARBC 996 $aNapoli, alcuni monumenti del centro antico$9771447 997 $aUNINA